|
|
|
|
| LEADER |
00000nam a22000005a 4500 |
| 001 |
vtls008184939 |
| 003 |
SK-MaSNL |
| 005 |
20260302074046.0 |
| 008 |
240318s2005 xo r 000 0 slo |
| 015 |
|
|
|a SNBA2005/10-03712
|
| 020 |
|
|
|a 8089185096 (brož.)
|
| 035 |
|
|
|a urn:nbn:sk:snk-am00a1d7
|
| 035 |
|
|
|a urn:nbn:sk:snk-am3hd1i
|
| 035 |
|
|
|a AB841D7F-E149-40BD-8EB9-7CF7A6396D1B
|
| 040 |
|
|
|a SNK
|b slo
|c SNK
|e AACR2
|
| 041 |
0 |
|
|a slo
|
| 072 |
|
7 |
|a 574
|x Všeobecná ekológia
|2 konspekt
|
| 080 |
|
|
|a 608.1
|2 MDT-MRF
|
| 080 |
|
|
|a 504
|2 MDT-MRF
|
| 080 |
|
|
|a 502:17
|2 MDT-MRF
|
| 080 |
|
|
|a 602.6
|2 MDT-MRF
|
| 080 |
|
|
|a (048.8)
|2 MDT-MRF
|
| 080 |
|
|
|a 574
|2 MDT-MRF
|
| 100 |
1 |
|
|a Majzlan, Oto,
|d 1950-
|4 aut
|9 15247
|
| 245 |
1 |
0 |
|a Humánna ekológia
|c Oto Majzlan, Vasko Kusin
|
| 250 |
|
|
|a [1. vyd.]
|
| 260 |
|
|
|a Bratislava
|b Občianske združenie Sociálna práca
|c 2005
|
| 300 |
|
|
|a 151 s.
|c 21 cm
|
| 490 |
1 |
|
|a Filozofia - sociológia - psychológia
|
| 500 |
|
|
|a Termonilog. slovník
|
| 504 |
|
|
|a Bibliogr. s. 148-151
|
| 506 |
|
|
|a 400 výtl.
|
| 650 |
0 |
7 |
|a ekológia
|2 SNKPH
|9 785
|
| 650 |
0 |
7 |
|a bioetika
|2 SNKPH
|9 16939
|
| 650 |
0 |
7 |
|a ekologická kríza
|2 SNKPH
|9 74943
|
| 650 |
0 |
7 |
|a environmentálna etika
|2 SNKPH
|9 68363
|
| 650 |
0 |
7 |
|a genetické inžinierstvo
|2 SNKPH
|9 74877
|
| 655 |
|
7 |
|a monografie
|2 SNKPH
|9 70139
|
| 700 |
1 |
|
|a Kusin, Vasko,
|d 1943-
|4 aut
|9 92890
|
| 830 |
|
0 |
|a Filozofia - sociológia - psychológia
|9 474427
|
| 919 |
|
|
|a 80-89185-09-6
|
| 958 |
|
|
|a NB
|
| 958 |
|
|
|a OND
|
| 968 |
|
|
|d 56/59
|
| 999 |
|
|
|c 1163487
|d 1165417
|
| 952 |
|
|
|a SNK
|b SNK
|y PREZ
|7 0
|p 17A0479552
|o snkSC 120762
|i snk2005/12488
|8 0
|0 0
|1 0
|4 0
|d 2005-07-18
|f 1
|l 0
|r 2025-05-30 00:00:00
|w 2026-02-24
|
| 952 |
|
|
|a SNK
|b SNK
|y VYP
|7 0
|p 17A0479551
|o snkSC 120762 D1
|i snk2005/12489
|8 0
|0 0
|1 0
|4 0
|d 2005-07-18
|l 0
|r 2026-02-24 20:40:32
|w 2026-02-24
|